L'avenir de la zone euro : questions et hypothèses (notice n° 1587203)
[ vue normale ]
| 000 -LEADER | |
|---|---|
| fixed length control field | 01725cam a2200217 4500500 |
| 005 - DATE AND TIME OF LATEST TRANSACTION | |
| control field | 20251228060535.0 |
| 041 ## - LANGUAGE CODE | |
| Language code of text/sound track or separate title | fre |
| 042 ## - AUTHENTICATION CODE | |
| Authentication code | dc |
| 100 10 - MAIN ENTRY--PERSONAL NAME | |
| Personal name | Flouzat-Osmont d’Amilly, Denise |
| Relator term | author |
| 245 00 - TITLE STATEMENT | |
| Title | L'avenir de la zone euro : questions et hypothèses |
| 260 ## - PUBLICATION, DISTRIBUTION, ETC. | |
| Date of publication, distribution, etc. | 2010.<br/> |
| 500 ## - GENERAL NOTE | |
| General note | 11 |
| 520 ## - SUMMARY, ETC. | |
| Summary, etc. | La sortie de crise tourne en Europe en crise de la sortie. Ceci, pour au moins deux raisons : les déséquilibres du système monétaire international et, dans la zone euro, les contradictions entre les différentes politiques nationales. Pour cette zone euro, la sortie de la monnaie unique ne constitue pas une hypothèse crédible, non plus que l’intégration budgétaire accélérée. Reste le scénario de la coordination progressive, pour lequel l’accord franco-allemand jouera un rôle central. politique étrangère |
| 520 ## - SUMMARY, ETC. | |
| Summary, etc. | Denise Flouzat-Osmont d’Amilly, The Future of the Euro Area: Questions and Hypotheses In Europe, exiting the crisis has itself become a crisis, for two reasons: imbalances in the international monetary system and in the euro area, along with contradictions in different national policies. Exiting the euro area is not a credible policy for member countries, and nor is accelerated monetary integration. This leaves progressive coordination as the only feasible scenario, in which Franco-German agreement will play a vital role. |
| 690 ## - LOCAL SUBJECT ADDED ENTRY--TOPICAL TERM (OCLC, RLIN) | |
| Topical term or geographic name as entry element | Crise financière |
| 690 ## - LOCAL SUBJECT ADDED ENTRY--TOPICAL TERM (OCLC, RLIN) | |
| Topical term or geographic name as entry element | Eurozone |
| 690 ## - LOCAL SUBJECT ADDED ENTRY--TOPICAL TERM (OCLC, RLIN) | |
| Topical term or geographic name as entry element | Politiques budgétaires |
| 690 ## - LOCAL SUBJECT ADDED ENTRY--TOPICAL TERM (OCLC, RLIN) | |
| Topical term or geographic name as entry element | Union européenne |
| 786 0# - DATA SOURCE ENTRY | |
| Note | Politique étrangère | Autome | 3 | 2010-09-24 | p. 499-510 | 0032-342X |
| 856 41 - ELECTRONIC LOCATION AND ACCESS | |
| Uniform Resource Identifier | <a href="https://shs.cairn.info/revue-politique-etrangere-2010-3-page-499?lang=fr&redirect-ssocas=7080">https://shs.cairn.info/revue-politique-etrangere-2010-3-page-499?lang=fr&redirect-ssocas=7080</a> |
Pas d'exemplaire disponible.




Réseaux sociaux